书目信息 |
| 题名: |
美术史论丛刊
|
|
| 作者: | ;中国艺术研究院美术研究所《美术史论》丛刊编辑部 编 | |
| 分册: | 第一辑 | |
| 出版信息: | 北京 文化艺术出版社 1981 |
|
| 页数: | 284页 | |
| 开本: | 20cm | |
| 丛书名: | ||
| 单 册: | ||
| 中图分类: | J110.9 | |
| 科图分类: | ||
| 主题词: | 美术批评--中国--丛刊 , 艺术--世界 , 美术--世界 | |
| 电子资源: | ||
| ISBN: | ||
| 000 | 00884nam0 2200241 45 | |
| 001 | 0181010741 | |
| 005 | 20060630085848.82 | |
| 010 | @dCNY1.30 | |
| 091 | @a8228.007 | |
| 100 | @a19960215d1981 em y0chiy0121 ea | |
| 101 | 0 | @achi |
| 102 | @aCN@b110000 | |
| 105 | @af z 000yy | |
| 200 | 10 | @a美术史论丛刊@Amei shu shi lun cong kan@h第一辑@f中国艺术研究院美术研究所《美术史论》丛刊编辑部编@Fzhong guo yi shu yan jiu yuan mei shu yan jiu suo《mei shu shi lun》cong kan bian ji bu bian |
| 210 | @a北京@c文化艺术出版社@d1981 | |
| 215 | @a284页@c图@d20cm | |
| 606 | @a美术批评@y中国@x丛刊 | |
| 606 | 0 | @a艺术@x世界 |
| 606 | 0 | @a美术@x世界 |
| 690 | @aJ110.9@v4 | |
| 711 | 0 | @a中国艺术研究院美术研究所《美术史论》丛刊编辑部@Azhong guo yi shu yan jiu yuan mei shu yan jiu suo《mei shu shi lun》cong kan bian ji bu@4编 |
| 801 | 0 | @aCN@bTSSF@c20060630 |
| 905 | @a10447@dJ110.9@e1/81 | |
| 美术史论丛刊.第一辑/中国艺术研究院美术研究所《美术史论》丛刊编辑部编.-北京:文化艺术出版社,1981 |
| 284页:图;20cm |
| ISBN :CNY1.30 |
| ● |
| 相关链接 |
|
|
|
|
正题名:美术史论丛刊
索取号:J110.9/1/81
 
预约/预借
| 序号 | 登录号 | 条形码 | 馆藏地/架位号 | 状态 | 备注 |
| 1 | 0052472 | 202203864 | 密集书库/ [索取号:J110.9/1/81] | 在馆 | |
| 2 | 0052473 | 202203908 | 密集书库/ [索取号:J110.9/1/81] | 在馆 | |
| 3 | 0052474 | 202275894 | 密集书库/ [索取号:J110.9/1/81] | 在馆 | |
| 4 | 0421590 | 204215900 | 密集书库/ [索取号:J110.9/1/81] | 在馆 | |
| 5 | 0421591 | 204215919 | 密集书库/ [索取号:J110.9/1/81] | 在馆 |